Town and country planning in Britain / (Record no. 542717)
[ view plain ]
| 000 -LEADER | |
|---|---|
| fixed length control field | 01017fam a2200205 a 4500 |
| 020 ## - INTERNATIONAL STANDARD BOOK NUMBER | |
| International Standard Book Number | 0415107083 |
| 082 00 - DEWEY DECIMAL CLASSIFICATION NUMBER | |
| Classification number | 361.60941 |
| Author Mark | CUL |
| -- | D |
| 100 1# - MAIN ENTRY--PERSONAL NAME | |
| Personal name | Cullingworth, J. B. |
| 9 (RLIN) | 23610 |
| 245 10 - TITLE STATEMENT | |
| Title | Town and country planning in Britain / |
| Statement of responsibility, etc. | J. Barry Cullingworth and Vincent Nadin. |
| 250 ## - EDITION STATEMENT | |
| Edition statement | 11th ed. |
| 260 ## - PUBLICATION, DISTRIBUTION, ETC. | |
| Place of publication, distribution, etc. | London ; |
| -- | New York : |
| Name of publisher, distributor, etc. | Routledge, |
| Date of publication, distribution, etc. | 1994. |
| 300 ## - PHYSICAL DESCRIPTION | |
| Extent | xx, 343 p. : |
| Other physical details | ill., maps ; |
| Dimensions | 25 cm. |
| 500 ## - GENERAL NOTE | |
| General note | Cover title: Town & country planning in Britain. |
| 505 2# - FORMATTED CONTENTS NOTE | |
| Formatted contents note | 1. The Evolution of Town and Country Planning -- 2. The Agencies of Planning -- 3. The Planning Framework -- 4. The Control of Development -- 5. Land Policies -- 6. Planning and the Environment -- 7. Heritage Planning -- 8. Countryside Planning -- 9. Urban Policies -- 10. Transport Planning -- 11. Planning and the Public. |
| 526 ## - STUDY PROGRAM INFORMATION NOTE | |
| Program name | 0 |
| Interest level | 0 |
| Reading level | 0 |
| Title point value | 361_609410000000000_CUL |
| 650 #0 - SUBJECT ADDED ENTRY--TOPICAL TERM | |
| Topical term or geographic name entry element | City planning |
| Geographic subdivision | Great Britain. |
| 9 (RLIN) | 23611 |
| 650 #0 - SUBJECT ADDED ENTRY--TOPICAL TERM | |
| Topical term or geographic name entry element | Regional planning |
| Geographic subdivision | Great Britain. |
| 9 (RLIN) | 23612 |
| 700 1# - ADDED ENTRY--PERSONAL NAME | |
| Personal name | Nadin, Vincent. |
| 9 (RLIN) | 23613 |
| 942 ## - ADDED ENTRY ELEMENTS (KOHA) | |
| Source of classification or shelving scheme | |
| Koha item type | Book |
| Withdrawn status | Lost status | Source of classification or shelving scheme | Damaged status | Not for loan | Permanent Location | Current Location | Date acquired | Total Checkouts | Full call number | Barcode | Date last seen | Date last checked out | Price effective from | Koha item type |
|---|---|---|---|---|---|---|---|---|---|---|---|---|---|---|
| Military College of Engineering (MCE) | Military College of Engineering (MCE) | 02/12/2014 | 1 | 361.60941 CUL | MCE-44280 | 06/28/2019 | 01/24/2019 | 02/12/2014 | Book |
